[Event "Stuttgart-chB int"]
[Site "Ditzingen"]
[Date "2016.05.05"]
[Round "1"]
[White "Ackermann, Hermann"]
[Black "Duran, Suat"]
[Result "1-0"]
[WhiteElo "1885"]
[BlackElo "1687"]
[PlyCount "115"]
[EventDate "2016.05.05"]
[EventType "swiss"]
[EventRounds "7"]
[EventCountry "GER"]
[SourceTitle "EXT 2018"]
[Source "ChessBase"]
[SourceDate "2017.10.13"]
[SourceVersion "1"]
[SourceVersionDate "2017.10.13"]
[SourceQuality "1"]

1. Nf3 d5 2. e3 Nf6 3. b3 g6 4. Bb2 Bg7 5. c4 c6 6. Be2 0-0 7. d3 Nbd7 8. Nbd2 Re8 9. Ne5 Nxe5 10. Bxe5 Nh5 11. Bxg7 Nxg7 12. d4 e5 13. dxe5 Rxe5 14. Nf3 Re7 15. 0-0 Be6 16. Nd4 Nf5 17. Nxe6 Rxe6 18. cxd5 cxd5 19. Bf3 Ne7 20. Rc1 Qa5 21. Rc2 Rd8 22. Rd2 Red6 23. Qe2 Nc6 24. g3 Ne5 25. Bg2 h5 26. Rfd1 Nc6 27. h3 d4 28. Bxc6 Rxc6 29. exd4 Qf5 30. h4 Re6 31. Qd3 Rd5 32. Qxf5 gxf5 33. Rd3 f4 34. Rf3 fxg3 35. fxg3 Re2 36. Rf2 Re3 37. Kg2 Re7 38. Rd3 Re4 39. Rfd2 Re6 40. Kf3 Rf5+ 41. Kg2 Rd5 42. Rf3 Re4 43. Rfd3 Re6 44. Rf2 Re4 45. Kf3 Rg4 46. Ke2 Re4+ 47. Kd2 Kg7 48. Kc2 b5 49. b4 Kg6 50. Kc3 Re7 51. Rdf3 Rc7+ 52. Kd3 Re7 53. Rc2 Red7 54. Rf4 Re5 55. Rc6+ Re6 56. Rc5 a6 57. Rg5+ Kh7 58. Rxh5+ 1-0

[Event "Wuertemberg-ch Seniors 27th"]
[Site "Freudenstadt"]
[Date "2015.07.10"]
[Round "8"]
[White "Thonig, Manfred"]
[Black "Ackermann, Hermann"]
[Result "0-1"]
[WhiteElo "1629"]
[BlackElo "1944"]
[PlyCount "110"]
[EventDate "2015.07.03"]
[EventType "swiss"]
[EventRounds "9"]
[EventCountry "GER"]
[SourceTitle "EXT 2016"]
[Source "ChessBase"]
[SourceDate "2015.10.08"]
[SourceVersion "1"]
[SourceVersionDate "2015.10.08"]
[SourceQuality "1"]

1. f4 Nc6 2. Nf3 d6 3. e3 Nf6 4. d4 e6 5. c3 Be7 6. Bd3 Ng4 7. g3 b6 8. 0-0 h5 9. Bb5 Bd7 10. Qa4 Nb8 11. Bxd7+ Qxd7 12. Qxd7+ Nxd7 13. h3 Ngf6 14. Nbd2 d5 15. Ne5 c5 16. b3 Rc8 17. Bb2 Bd6 18. a4 a5 19. Rac1 0-0 20. Kg2 Rc7 21. Ba3 Rfc8 22. Nxd7 Rxd7 23. Rfe1 Rdc7 24. e4 Bf8 25. e5 Nd7 26. f5 cxd4 27. Bxf8 dxc3 28. Nf3 Kxf8 29. fxe6 fxe6 30. Ng5 Ke7 31. Nf3 Nc5 32. Rxc3 Ne4 33. Rxc7+ Rxc7 34. Re3 Rc2+ 35. Kf1 g5 36. Nd4 Rd2 37. Ne2 Nc5 38. Rf3 Ne4 39. Re3 Nc5 40. Rf3 Nd3 41. Rf6 Nxe5 42. Rh6 Rd3 43. Rxh5 Nf7 44. Rh7 Kf6 45. g4 Rxb3 46. h4 gxh4 47. Rxh4 Rb4 48. Kg2 Kg6 49. Kh3 Rxa4 50. Kg3 e5 51. Rh2 Nh6 52. Rh4 Re4 53. Kf3 Rc4 54. Kg3 a4 55. Kh3 a3 0-1

[Event "Wuertemberg-ch Seniors 27th"]
[Site "Freudenstadt"]
[Date "2015.07.08"]
[Round "6"]
[White "Schnell, Franz"]
[Black "Ackermann, Hermann"]
[Result "1-0"]
[WhiteElo "1768"]
[BlackElo "1944"]
[PlyCount "109"]
[EventDate "2015.07.03"]
[EventType "swiss"]
[EventRounds "9"]
[EventCountry "GER"]
[SourceTitle "EXT 2016"]
[Source "ChessBase"]
[SourceDate "2015.10.08"]
[SourceVersion "1"]
[SourceVersionDate "2015.10.08"]
[SourceQuality "1"]

1. d4 d5 2. Nf3 c6 3. Bf4 Bg4 4. e3 Nd7 5. Nbd2 Ngf6 6. h3 Bh5 7. Be2 h6 8. Ne5 Bxe2 9. Qxe2 e6 10. 0-0 Be7 11. c4 Nxe5 12. dxe5 Nd7 13. Rfd1 Qc7 14. cxd5 cxd5 15. Rac1 Qa5 16. a3 0-0 17. Nb3 Qb6 18. Rc3 Rac8 19. Rdc1 Rxc3 20. Rxc3 Bd8 21. Qc2 f6 22. exf6 Bxf6 23. Rc8 e5 24. Rxf8+ Nxf8 25. Bg3 h5 26. h4 Qd8 27. Nd2 e4 28. Qb3 Qe7 29. Qxd5+ Qe6 30. Qxb7 Qg4 31. Qxe4 Qxe4 32. Nxe4 Bxb2 33. a4 Kf7 34. Kf1 Ke6 35. Ke2 Ba3 36. Kd3 a6 37. Kc4 Nd7 38. Bc7 Ne5+ 39. Bxe5 Kxe5 40. f3 Bc1 41. Kd3 Ba3 42. g3 a5 43. Nc3 Bb4 44. Ne2 Be1 45. f4+ Kd5 46. e4+ Kc5 47. e5 Kd5 48. Nc3+ Ke6 49. Ne2 Kd5 50. Ke3 Kc4 51. f5 Kb3 52. Kf4 Bd2+ 53. Ke4 Kxa4 54. Nd4 Kb4 55. e6 1-0

[Event "Wuertemberg-ch Seniors 27th"]
[Site "Freudenstadt"]
[Date "2015.07.07"]
[Round "5"]
[White "Ackermann, Hermann"]
[Black "Kelchner, Hans"]
[Result "0-1"]
[WhiteElo "1944"]
[BlackElo "2176"]
[PlyCount "76"]
[EventDate "2015.07.03"]
[EventType "swiss"]
[EventRounds "9"]
[EventCountry "GER"]
[SourceTitle "EXT 2016"]
[Source "ChessBase"]
[SourceDate "2015.10.08"]
[SourceVersion "1"]
[SourceVersionDate "2015.10.08"]
[SourceQuality "1"]

1. Nf3 d5 2. e3 Nf6 3. c4 c6 4. Nc3 e6 5. Be2 Bd6 6. d4 Nbd7 7. 0-0 0-0 8. Qc2 b6 9. h3 Bb7 10. cxd5 cxd5 11. Qa4 a6 12. Bd2 b5 13. Qd1 Qe7 14. a3 Nb6 15. Ne5 Nfd7 16. f4 f6 17. Nxd7 Qxd7 18. Bd3 Nc4 19. Bc1 Rac8 20. Qh5 g6 21. Qg4 f5 22. Qe2 Nxa3 23. Nd1 Nc4 24. Nf2 Bb4 25. g4 Nd6 26. g5 Ne4 27. Kg2 Qe7 28. h4 Kg7 29. h5 Rh8 30. h6+ Kf7 31. Nxe4 dxe4 32. Bxb5 axb5 33. Ra7 Rc7 34. Qxb5 Ra8 35. Rxa8 Bxa8 36. Qb8 Rc2+ 37. Kg3 Bd6 38. Qh8 Qxg5+ 0-1

[Event "Baden-ch Seniors"]
[Site "Birkenfeld"]
[Date "2013.05.28"]
[Round "4"]
[White "Schumacher, Gottfried"]
[Black "Ackermann, Hermann"]
[Result "1-0"]
[WhiteElo "2225"]
[BlackElo "1973"]
[PlyCount "99"]
[EventDate "2013.05.25"]
[EventType "swiss"]
[EventRounds "9"]
[EventCountry "GER"]
[SourceTitle "EXT 2014"]
[Source "ChessBase"]
[SourceDate "2013.11.20"]
[SourceVersion "1"]
[SourceVersionDate "2013.11.20"]
[SourceQuality "1"]

1. d4 Nf6 2. c4 e6 3. Bg5 h6 4. Bxf6 Bb4+ 5. Nd2 Qxf6 6. Ngf3 Nc6 7. a3 Bxd2+ 8. Qxd2 d5 9. e3 0-0 10. Rc1 Bd7 11. Bd3 Rac8 12. 0-0 Rfd8 13. Bb1 Ne7 14. Ne5 Be8 15. Qc2 g6 16. Qb3 b6 17. c5 Nc6 18. f4 Ne7 19. Rf3 Nf5 20. Qd3 bxc5 21. Rxc5 Qh4 22. Qc3 Qe7 23. g4 Nd6 24. f5 Ne4 25. Bxe4 dxe4 26. f6 Qd6 27. Rf2 Qb6 28. Rc2 Ba4 29. Rxc7 Rxc7 30. Qxc7 Qxc7 31. Rxc7 Be8 32. Rxa7 g5 33. Rc7 Kh7 34. Kf2 Rb8 35. b4 Ra8 36. Rc3 Rb8 37. Kg3 Ra8 38. h4 Rb8 39. h5 Kg8 40. Kf2 Kf8 41. Ke1 Bb5 42. Kd2 Ra8 43. Kc1 Rb8 44. Kb2 Ra8 45. Rc5 Be8 46. Rc7 Rb8 47. Kb3 Ra8 48. b5 Bxb5 49. Rxf7+ Kg8 50. Rg7+ 1-0

[Event "Stuttgart-chA int"]
[Site "Ditzingen"]
[Date "2013.05.12"]
[Round "7"]
[White "Ackermann, Hermann"]
[Black "Neyman, Igor"]
[Result "0-1"]
[WhiteElo "1973"]
[BlackElo "2334"]
[PlyCount "38"]
[EventDate "2013.05.09"]
[EventType "swiss"]
[EventRounds "7"]
[EventCountry "GER"]
[SourceTitle "EXT 2014"]
[Source "ChessBase"]
[SourceDate "2013.11.20"]
[SourceVersion "1"]
[SourceVersionDate "2013.11.20"]
[SourceQuality "1"]

1. d4 d5 2. c4 e6 3. Nc3 c6 4. e3 Nf6 5. Nf3 Nbd7 6. Be2 Bd6 7. 0-0 0-0 8. Qc2 dxc4 9. Bxc4 e5 10. Rd1 Qe7 11. h3 b5 12. Bd3 Bb7 13. a3 a6 14. Ng5 h6 15. Nf3 c5 16. dxe5 Nxe5 17. Nxe5 Bxe5 18. Ne4 Nxe4 19. f4 Bf6 0-1

[Event "Stuttgart-chA int"]
[Site "Ditzingen"]
[Date "2013.05.09"]
[Round "1"]
[White "Ackermann, Hermann"]
[Black "Raupp, Thomas"]
[Result "0-1"]
[WhiteElo "1973"]
[BlackElo "2325"]
[PlyCount "98"]
[EventDate "2013.05.09"]
[EventType "swiss"]
[EventRounds "7"]
[EventCountry "GER"]
[SourceTitle "EXT 2014"]
[Source "ChessBase"]
[SourceDate "2013.11.20"]
[SourceVersion "1"]
[SourceVersionDate "2013.11.20"]
[SourceQuality "1"]

1. d4 d5 2. c4 c6 3. Nc3 Nf6 4. Nf3 a6 5. Bf4 dxc4 6. a4 Nd5 7. Bg3 e6 8. e4 Nxc3 9. bxc3 b5 10. Ne5 Be7 11. Be2 0-0 12. 0-0 Bb7 13. Qb1 Qc8 14. Ra2 Nd7 15. Rb2 Nxe5 16. Bxe5 Ra7 17. Qa2 Qd7 18. f3 a5 19. Bg3 Rc8 20. Rd1 Raa8 21. Bf2 h6 22. Rdb1 Ba6 23. d5 b4 24. dxe6 Qxe6 25. cxb4 axb4 26. Rxb4 Bxb4 27. Rxb4 c3 28. Qxe6 fxe6 29. Bxa6 Rxa6 30. Rc4 Kf7 31. Bd4 c2 32. Rxc2 Rxa4 33. Be3 Ra5 34. Bc5 Rca8 35. Bd4 R8a6 36. e5 Rd5 37. Rc4 c5 38. Bc3 g5 39. h4 Kg6 40. hxg5 hxg5 41. Kf2 Ra2+ 42. Ke3 Rxg2 43. f4 Rg3+ 44. Ke4 Rg4 45. Kf3 Rxf4+ 46. Rxf4 gxf4 47. Kxf4 Rd3 48. Bb2 Rb3 49. Bc1 Rb4+ 0-1

[Event "Stuttgart-chA"]
[Site "Stuttgart"]
[Date "2003.??.??"]
[Round "?"]
[White "Winkler, Stefan2222"]
[Black "Ackermann, Hermann"]
[Result "1-0"]
[WhiteElo "1815"]
[BlackElo "2070"]
[PlyCount "56"]
[EventDate "2003.??.??"]
[EventType "swiss"]
[EventRounds "9"]
[EventCountry "GER"]
[SourceTitle "EXT 2007"]
[Source "ChessBase"]
[SourceDate "2006.11.23"]
[SourceVersion "1"]
[SourceVersionDate "2006.11.23"]
[SourceQuality "1"]

1. e4 d6 2. d4 Nf6 3. Nc3 g6 4. Be2 Bg7 5. g4 0-0 6. g5 Ne8 7. h4 c6 8. a4 Nd7 9. Nh3 e5 10. d5 c5 11. h5 f5 12. hxg6 hxg6 13. exf5 gxf5 14. Bh5 e4 15. Nf4 Ne5 16. Ng6 Nxg6 17. Bxg6 Bxc3+ 18. bxc3 Ng7 19. c4 Qe7 20. Qd2 Qe5 21. Rb1 f4 22. Bh7+ Kf7 23. Qxf4+ Qxf4 24. Bxf4 Ke7 25. Bg3 Nf5 26. Bxf5 Rxf5 27. Rh7+ Rf7 28. Bxd6+ Ke8 1-0

[Event "Baunatal op 7th"]
[Site "Baunatal"]
[Date "2001.08.14"]
[Round "4"]
[White "Ackermann, Hermann"]
[Black "Gantzke, Andre"]
[Result "1-0"]
[WhiteElo "1720"]
[BlackElo "1622"]
[PlyCount "43"]
[EventDate "2001.08.08"]
[EventType "swiss"]
[EventRounds "7"]
[EventCountry "GER"]
[SourceTitle "EXT 2002"]
[Source "ChessBase"]
[SourceDate "2001.11.25"]
[SourceVersion "1"]
[SourceVersionDate "2001.11.25"]
[SourceQuality "1"]

1. d4 d5 2. Nf3 e6 3. c4 Be7 4. Nc3 Nf6 5. Bf4 c6 6. e3 0-0 7. a3 dxc4 8. Bxc4 Nd5 9. Bg3 Nxc3 10. bxc3 b5 11. Bd3 Qa5 12. Qc2 h6 13. 0-0 Nd7 14. a4 Qb6 15. Rfb1 a6 16. axb5 cxb5 17. Bxb5 Qd8 18. Bc6 Ra7 19. c4 Nf6 20. Bb8 Bd7 21. Bxd7 Qxd7 22. Ne5 1-0